Cẩm nang cờ tướng: Tự học đánh cờ từ bước đầu đến khi trở thành cao cờ, với nhiều chiến pháp bí hiểm, cờ thế, của những vua cờ, trạng cờ Trung Quốc
Sách biên khảo tất cả những yếu tố lợi ích cho chiến pháp và kỹ thuật cờ tướng
Αποθηκεύτηκε σε:
| Κύριος συγγραφέας: | |
|---|---|
| Μορφή: | Βιβλίο |
| Γλώσσα: | Undetermined |
| Έκδοση: |
Tp. HCM
Nxb. TP. HCM
1995
|
| Θέματα: | |
| Ετικέτες: |
Προσθήκη ετικέτας
Δεν υπάρχουν, Καταχωρήστε ετικέτα πρώτοι!
|
| Thư viện lưu trữ: | Trung tâm Học liệu Trường Đại học Cần Thơ |
|---|
| LEADER | 00901nam a2200205Ia 4500 | ||
|---|---|---|---|
| 001 | CTU_15620 | ||
| 008 | 210402s9999 xx 000 0 und d | ||
| 020 | |b 18000đ | ||
| 082 | |a 794.18 | ||
| 082 | |b Qu121 | ||
| 100 | |a Thiếu Lăng Quân | ||
| 245 | 0 | |a Cẩm nang cờ tướng: Tự học đánh cờ từ bước đầu đến khi trở thành cao cờ, với nhiều chiến pháp bí hiểm, cờ thế, của những vua cờ, trạng cờ Trung Quốc | |
| 245 | 0 | |c Thiếu Lăng Quân, Nguyễn Tài Bình | |
| 260 | |a Tp. HCM | ||
| 260 | |b Nxb. TP. HCM | ||
| 260 | |c 1995 | ||
| 520 | |a Sách biên khảo tất cả những yếu tố lợi ích cho chiến pháp và kỹ thuật cờ tướng | ||
| 650 | |a chess | ||
| 904 | |i Minh, 970414 | ||
| 980 | |a Trung tâm Học liệu Trường Đại học Cần Thơ | ||